[Event "HZ Chess Tournament 2023"]
[Site "Vlissingen, Netherlands"]
[Date "2023.08.12"]
[Round "9.3"]
[White "Dardha, Daniel"]
[Black "Zwirs, Nico"]
[Result "1/2-1/2"]
[WhiteElo "2598"]
[BlackElo "2443"]
[PlyCount "100"]

1. Nf3 d5 2. g3 Nf6 3. Bg2 c6 4. O-O Nbd7 5. d4 Nb6 6. a4 a5 7. b3 Bf5 8. Ba3
g6 9. Nh4 Be6 10. Qd3 Bg7 11. e3 O-O 12. Nd2 Nc8 13. f3 Nd6 14. e4 dxe4 15.
fxe4 Ndxe4 16. Nxe4 Nxe4 17. Bxe4 Qxd4+ 18. Kg2 Qxd3 19. Bxd3 Bxa1 20. Rxa1
Rfe8 21. Bc5 Rad8 22. Bb6 Rd6 23. Rd1 Rc8 24. Bxa5 c5 25. Nf3 c4 26. bxc4 Bxc4
27. Bb4 Bxd3 28. cxd3 Rc2+ 29. Kh3 Rd7 30. d4 f6 31. Re1 Kf7 32. g4 Rb2 33. Bd2
Rd5 34. Kg3 h5 35. h3 hxg4 36. hxg4 g5 37. Rc1 Rd7 38. Rh1 Kg7 39. Rc1 Kf7 40.
a5 b6 41. Bc3 Ra2 42. axb6 Rb7 43. Rb1 Ra6 44. Rh1 Raxb6 45. Kf2 Rc6 46. Bd2
Rb3 47. Rh7+ Ke8 48. Rh8+ Kd7 49. Bxg5 Rc2+ 50. Bd2 Rxf3+ 1/2-1/2

[Event "HZ Chess Tournament 2023"]
[Site "Vlissingen, Netherlands"]
[Date "2023.08.12"]
[Round "9.4"]
[White "Krasenkow, Michal"]
[Black "Eidelman, Gabriel"]
[Result "1-0"]
[WhiteElo "2524"]
[BlackElo "2204"]
[PlyCount "93"]

1. d4 Nf6 2. c4 e6 3. Nf3 d5 4. Nc3 dxc4 5. e3 a6 6. Bxc4 b5 7. Bb3 Bb7 8. O-O
c5 9. Qe2 Nbd7 10. Rd1 Qc7 11. Bd2 Be7 12. Rac1 Qb6 13. Be1 O-O 14. Ne5 Rad8
15. f4 Nb8 16. Bf2 Nc6 17. dxc5 Bxc5 18. Nd3 Be7 19. Bc2 b4 20. Na4 Qb5 21. Bh4
Ne4 22. Bxe7 Nxe7 23. Qe1 Rc8 24. Nxb4 a5 25. Nd3 Rxc2 26. Rxc2 Qxa4 27. Rc7
Nd5 28. Rxb7 Nxe3 29. Rc1 Ng4 30. Nb4 Nef2 31. h3 axb4 32. hxg4 Nd3 33. Qd1 Qa6
34. Rcc7 Qd6 35. Rd7 Qc5+ 36. Kh2 Nxf4 37. Qd6 Qxd6 38. Rxd6 Nd5 39. Rbd7 Nf6
40. Rd8 Nxg4+ 41. Kg1 Ne3 42. a4 bxa3 43. bxa3 Nc4 44. Rd3 g5 45. a4 h5 46.
Rxf8+ Kxf8 47. Rc3 1-0

[Event "HZ Chess Tournament 2023"]
[Site "Vlissingen, Netherlands"]
[Date "2023.08.12"]
[Round "9.5"]
[White "Schoppen, Casper"]
[Black "Ciolek, Andreas"]
[Result "1-0"]
[WhiteElo "2498"]
[BlackElo "2273"]
[PlyCount "95"]

1. e4 e5 2. Nf3 Nc6 3. Bb5 a6 4. Ba4 d6 5. O-O Bd7 6. c3 g6 7. d4 Bg7 8. Re1
Nf6 9. Nbd2 O-O 10. h3 Re8 11. Bc2 a5 12. Nf1 a4 13. d5 Ne7 14. c4 Nh5 15. Be3
Nf4 16. Qd2 h6 17. Ng3 g5 18. c5 Bb5 19. Qb4 Qd7 20. Rad1 Ra6 21. Kh2 Kh8 22.
Nd2 Bd3 23. Qc3 Qb5 24. Nb1 Bxc2 25. Qxc2 Rc8 26. Na3 Qd7 27. Qc4 Raa8 28. Qb4
f5 29. cxd6 cxd6 30. Nc4 fxe4 31. Nb6 Qd8 32. Qxe4 a3 33. Nxa8 Rxa8 34. bxa3
Rxa3 35. Nf5 Nxf5 36. Qxf5 Rxa2 37. Rc1 Ra8 38. Bxf4 gxf4 39. Ra1 Rb8 40. Rec1
Qg5 41. Rc8+ Rxc8 42. Qxc8+ Kh7 43. Ra8 f3 44. g3 b5 45. h4 Qf6 46. h5 Qf7 47.
Qc2+ Qf5 48. Qxf5# 1-0

[Event "HZ Chess Tournament 2023"]
[Site "Vlissingen, Netherlands"]
[Date "2023.08.12"]
[Round "9.6"]
[White "Leenhouts, Koen"]
[Black "Van der Hagen, Loek"]
[Result "1-0"]
[WhiteElo "2446"]
[BlackElo "2269"]
[PlyCount "73"]

1. d4 Nf6 2. c4 g6 3. Nc3 d5 4. cxd5 Nxd5 5. e4 Nxc3 6. bxc3 Bg7 7. Qa4+ Nd7 8.
Nf3 O-O 9. Qa3 c5 10. Be2 cxd4 11. cxd4 Nf6 12. Qe3 b6 13. h3 Bb7 14. Bd3 Qd7
15. O-O Qa4 16. Qe2 Rac8 17. Bd2 Rfd8 18. Rfd1 e6 19. Rab1 h6 20. Bb4 Rc7 21.
d5 exd5 22. e5 Nh5 23. Bd6 Rc3 24. Rb4 Qd7 25. g4 d4 26. Rxd4 Qc6 27. Be4 Nf4
28. Qe1 Nxh3+ 29. Kh2 Qc8 30. Bxb7 Qxb7 31. Qxc3 Nxf2 32. Rc1 h5 33. gxh5 gxh5
34. Rg1 Qd7 35. Rxg7+ Kxg7 36. e6 Qxe6 37. Rg4+ 1-0

[Event "HZ Chess Tournament 2023"]
[Site "Vlissingen, Netherlands"]
[Date "2023.08.12"]
[Round "9.7"]
[White "De Jong, Migchiel"]
[Black "Pfreundt, Jakob"]
[Result "1/2-1/2"]
[WhiteElo "2313"]
[BlackElo "2427"]
[PlyCount "38"]

1. Nf3 d5 2. g3 Nc6 3. Bg2 e5 4. d3 h5 5. Nbd2 Be7 6. O-O h4 7. c3 hxg3 8. hxg3
Be6 9. b4 Qc8 10. b5 Bh3 11. Bh1 Nd8 12. Nxe5 Qf5 13. f4 Bxf1 14. Nxf1 Nf6 15.
Bg2 Bd6 16. d4 c6 17. c4 Kf8 18. bxc6 bxc6 19. Qa4 Rc8 1/2-1/2

[Event "HZ Chess Tournament 2023"]
[Site "Vlissingen, Netherlands"]
[Date "2023.08.12"]
[Round "9.8"]
[White "Voege, Tobias"]
[Black "Pham, Khoi"]
[Result "0-1"]
[WhiteElo "2257"]
[BlackElo "2361"]
[PlyCount "74"]

1. d4 Nf6 2. c4 e6 3. Nf3 d5 4. Nc3 c6 5. Bg5 h6 6. Bh4 dxc4 7. e4 g5 8. Bg3 b5
9. h4 g4 10. Ne5 Nbd7 11. Nxg4 Bb7 12. Be2 Rg8 13. Nxf6+ Nxf6 14. Bf3 Qb6 15.
Be5 Nd7 16. Bf4 O-O-O 17. O-O Bg7 18. Be3 Ne5 19. d5 c5 20. Bh5 f5 21. a4 b4
22. a5 Qd6 23. a6 Ba8 24. Na4 Nd3 25. Be2 fxe4 26. dxe6 Bd4 27. Bg4 Kb8 28. Bf5
Qe5 29. Qh5 Nf4 30. Bxf4 Qxf4 31. e7 Rde8 32. Be6 Be5 33. Rfd1 Rxg2+ 34. Kxg2
e3+ 35. Kh3 Qh2+ 36. Kg4 Qg2+ 37. Kf5 Qe4# 0-1

[Event "HZ Chess Tournament 2023"]
[Site "Vlissingen, Netherlands"]
[Date "2023.08.12"]
[Round "9.9"]
[White "Van Delft, Merijn"]
[Black "Provoost, Simon"]
[Result "1-0"]
[WhiteElo "2369"]
[BlackElo "2198"]
[PlyCount "107"]

1. e4 c6 2. d4 d5 3. Nc3 dxe4 4. Nxe4 Nf6 5. Nxf6+ exf6 6. Be3 Bd6 7. Bd3 O-O
8. Ne2 Re8 9. O-O Nd7 10. c4 Nf8 11. Qc2 g6 12. Rfd1 f5 13. Qd2 Ne6 14. Bc2 Qf6
15. f4 Nc7 16. Nc3 Bd7 17. Bf2 Ne6 18. g3 Nc7 19. a3 Rad8 20. b4 b5 21. cxb5
Nxb5 22. Nxb5 cxb5 23. d5 a6 24. Bd4 Qe7 25. Re1 Qf8 26. Bb2 h5 27. h4 Rxe1+
28. Rxe1 Re8 29. Rxe8 Bxe8 30. Qd4 f6 31. Kf2 Bd7 32. Bd3 Kg7 33. Qb6 Bc8 34.
Bd4 Qe7 35. Bc5 Bc7 36. Qc6 Qd7 37. Qxd7+ Bxd7 38. Be2 Kf7 39. Bf3 a5 40. Ke3
axb4 41. axb4 Bb8 42. Kd4 Be8 43. Bd1 Bd7 44. Bb3 Ke8 45. d6 Bc6 46. Be6 Bf3
47. d7+ Kd8 48. Bb6+ Bc7 49. Kc5 Be2 50. Bxc7+ Kxc7 51. d8=Q+ Kxd8 52. Kd6 Ke8
53. Bd7+ Kf7 54. Kc5 1-0

[Event "HZ Chess Tournament 2023"]
[Site "Vlissingen, Netherlands"]
[Date "2023.08.12"]
[Round "9.10"]
[White "Van Wely, Loek"]
[Black "Bazilius, Augustinas"]
[Result "1-0"]
[WhiteElo "2644"]
[BlackElo "2110"]
[PlyCount "61"]

1. Nf3 Nf6 2. c4 c5 3. Nc3 d5 4. cxd5 Nxd5 5. d4 Nxc3 6. bxc3 e6 7. Rb1 Nc6 8.
e4 cxd4 9. cxd4 Bb4+ 10. Bd2 Bxd2+ 11. Qxd2 O-O 12. Bb5 Ne7 13. O-O b6 14. Rfe1
Bb7 15. Bc4 Rc8 16. Bb3 Qd6 17. Rbd1 Rfd8 18. h4 Nc6 19. d5 exd5 20. Bxd5 Qe7
21. Qf4 h6 22. g4 Nb4 23. g5 Nxd5 24. exd5 Qd6 25. Re8+ Kh7 26. Re5 Qg6 27. h5
Qxh5 28. gxh6 Qg6+ 29. Ng5+ Kh8 30. Qxf7 Rc6 31. Rde1 1-0

[Event "HZ Chess Tournament 2023"]
[Site "Vlissingen, Netherlands"]
[Date "2023.08.12"]
[Round "9.11"]
[White "Van der Kaap, Jos"]
[Black "Grutter, Tim"]
[Result "1/2-1/2"]
[WhiteElo "2224"]
[BlackElo "2300"]
[PlyCount "136"]

1. d4 Nf6 2. g3 g6 3. Bg2 Bg7 4. e4 d6 5. Nc3 O-O 6. Nge2 e5 7. O-O Nc6 8. dxe5
dxe5 9. Bg5 Qxd1 10. Raxd1 h6 11. Be3 Rd8 12. Rxd8+ Nxd8 13. Rd1 Bg4 14. h3
Bxe2 15. Nxe2 Ne6 16. f4 Rd8 17. Rxd8+ Nxd8 18. Nc3 a6 19. f5 Kf8 20. g4 g5 21.
Nd5 c6 22. Nxf6 Bxf6 23. Bb6 Be7 24. Bf1 f6 25. Bxd8 Bxd8 26. Bc4 Ke7 27. Kf2
Kd6 28. Ke3 Kc5 29. Kd3 a5 30. Be6 a4 31. c4 Ba5 32. Bc8 b6 33. Bd7 Be1 34. b3
Kb4 35. Bxc6 axb3 36. axb3 Kxb3 37. Bd5 Kb2 38. Ke2 Bb4 39. Kf3 Kc1 40. Be6 Kd1
41. Bf7 Ke1 42. Bh5 Kf1 43. Bg6 Kg1 44. Bh5 Kh2 45. Bg6 Kxh3 46. Bh5 Bc5 47.
Bg6 Bd4 48. Bh5 Kh2 49. Bf7 Bc5 50. Bg6 Kg1 51. Bf7 Kf1 52. Bg6 Ke1 53. Bf7 Kd2
54. Bd5 Kd3 55. Bf7 Bf8 56. Bd5 Bg7 57. Kf2 Bf8 58. Kf3 Bc5 59. Be6 Bb4 60. Bd5
Ba3 61. Kf2 Bc1 62. Kf3 Be3 63. Bf7 Bd2 64. Bd5 Bc3 65. Kf2 Bd4+ 66. Kf3 Be3
67. Bf7 h5 68. Bxh5 Bc5 1/2-1/2

[Event "HZ Chess Tournament 2023"]
[Site "Vlissingen, Netherlands"]
[Date "2023.08.12"]
[Round "9.12"]
[White "Elgersma, Onno"]
[Black "Hu, Yu A"]
[Result "1-0"]
[WhiteElo "2265"]
[BlackElo "2056"]
[PlyCount "85"]

1. e4 c5 2. Nf3 d6 3. Bb5+ Bd7 4. a4 Nc6 5. Nc3 Nf6 6. O-O g6 7. Re1 Bg7 8. d3
O-O 9. h3 e5 10. Nd2 a6 11. Bc4 Nd4 12. Nd5 b5 13. Nxf6+ Qxf6 14. Bd5 Rab8 15.
axb5 axb5 16. Nf1 Qh4 17. Ra7 Qd8 18. Ne3 Ne6 19. Ng4 Nf4 20. Bb3 Qc8 21. Ne3
Be6 22. Bxe6 Qxe6 23. h4 f5 24. exf5 gxf5 25. Qf3 Ng6 26. h5 Ne7 27. Qh3 Kh8
28. Bd2 Nc6 29. Rc7 Nd4 30. b4 f4 31. Ng4 Nxc2 32. h6 Bf6 33. Re4 Rg8 34. Nxf6
Qxf6 35. bxc5 b4 36. cxd6 b3 37. Bc3 b2 38. Bxe5 b1=Q+ 39. Kh2 Qxe5 40. Rxe5
Ne1 41. Ree7 Rg6 42. Rxh7+ Kg8 43. Qe6+ 1-0

[Event "HZ Chess Tournament 2023"]
[Site "Vlissingen, Netherlands"]
[Date "2023.08.12"]
[Round "9.13"]
[White "Lommers, Frank"]
[Black "Rodriguez Fontecha, Marcos"]
[Result "1-0"]
[WhiteElo "2190"]
[BlackElo "2309"]
[PlyCount "152"]

1. e4 e6 2. d4 d5 3. e5 c5 4. c3 Qb6 5. Nf3 Bd7 6. Be2 Bb5 7. dxc5 Bxc5 8. b4
Bxf2+ 9. Kf1 Bc6 10. c4 dxc4 11. Na3 Bd5 12. Bxc4 Ne7 13. Bxd5 Nxd5 14. Nc4 Qa6
15. b5 Qxb5 16. Qe2 O-O 17. Kxf2 Rc8 18. Nd6 Qxe2+ 19. Kxe2 Rc2+ 20. Bd2 Nc6
21. Rhc1 Rb2 22. Nc4 Rb5 23. Rab1 Rc5 24. Nd6 b6 25. Rxc5 bxc5 26. Rc1 Ncb4 27.
Rxc5 Nxa2 28. Nd4 h5 29. Nc6 a5 30. Rxa5 Rxa5 31. Bxa5 Nc1+ 32. Kf3 Nd3 33. Bd2
Kf8 34. Nc4 Ke8 35. Ke4 Nc5+ 36. Kf3 Nd3 37. Nd4 Ke7 38. Ne2 f6 39. Nf4 N5xf4
40. Bxf4 Ne1+ 41. Kf2 Nd3+ 42. Ke3 Ne1 43. Bg3 Nc2+ 44. Ke4 Kf7 45. Bf2 Nb4 46.
Bd4 Kg6 47. Ne3 Kg5 48. Bc3 Na6 49. Bd4 Nb8 50. Nc4 Nc6 51. Be3+ Kg6 52. g3 Ne7
53. Bd4 Nf5 54. Ne3 Ne7 55. Ng2 Kf7 56. Nf4 h4 57. gxh4 Nf5 58. h5 Nh6 59. Ne2
Ng4 60. h3 Nh6 61. Ng3 Ng8 62. Bc5 Nh6 63. Bd4 Ng8 64. Bc3 Nh6 65. Kf4 Ng8 66.
Ne4 Ke7 67. Bb4+ Kf7 68. Bc3 Ke7 69. Ke3 Kf7 70. Kd3 Ke7 71. Kc4 Kf7 72. Kc5
Ne7 73. Nd6+ Kg8 74. exf6 gxf6 75. Bxf6 Nd5 76. Bg5 Nc3 1-0

[Event "HZ Chess Tournament 2023"]
[Site "Vlissingen, Netherlands"]
[Date "2023.08.12"]
[Round "9.14"]
[White "Grochal, Joey"]
[Black "Manshanden, Nick"]
[Result "1/2-1/2"]
[WhiteElo "2280"]
[BlackElo "2059"]
[PlyCount "91"]

1. d4 Nf6 2. c4 g6 3. Nc3 Bg7 4. e4 d6 5. Nf3 O-O 6. Be2 Nbd7 7. Be3 e5 8. d5
Ng4 9. Bg5 f6 10. Bd2 f5 11. Ng5 Nc5 12. b4 fxe4 13. Ncxe4 Nxe4 14. Nxe4 Bf5
15. Bxg4 Bxe4 16. O-O Bd3 17. Be2 e4 18. Rc1 Bb2 19. Bxd3 Bxc1 20. Bxc1 exd3
21. Bb2 Qh4 22. Qxd3 Rae8 23. Qc3 Re7 24. c5 b6 25. f4 bxc5 26. bxc5 dxc5 27.
g3 Qg4 28. Qh8+ Kf7 29. Qf6+ Ke8 30. Qc6+ Qd7 31. Qxc5 Rf5 32. Ba3 Re2 33. Qc4
Re3 34. Bc5 Re7 35. Bxe7 Kxe7 36. Re1+ Kd8 37. Re5 Rxe5 38. fxe5 Qf5 39. Qf4
Qb1+ 40. Qf1 Qb4 41. Qf6+ Kc8 42. Qe6+ Kb7 43. Qc6+ Kb8 44. Qe8+ Kb7 45. Qc6+
Kb8 46. Qe8+ 1/2-1/2

[Event "HZ Chess Tournament 2023"]
[Site "Vlissingen, Netherlands"]
[Date "2023.08.12"]
[Round "9.15"]
[White "De Boer, Eelke"]
[Black "Verweij, David"]
[Result "1-0"]
[WhiteElo "2270"]
[BlackElo "1931"]
[PlyCount "67"]

1. d4 Nf6 2. c4 g6 3. g3 Bg7 4. Bg2 O-O 5. Nc3 d6 6. Nf3 Nbd7 7. O-O e5 8. dxe5
dxe5 9. h3 c6 10. Be3 Qc7 11. Qc1 b6 12. Bh6 Ba6 13. Bxg7 Kxg7 14. b3 Rad8 15.
Qe3 Rfe8 16. Rfd1 h6 17. Rd2 Re7 18. Rad1 Rde8 19. Rd6 Re6 20. Ne4 Bc8 21. Nxf6
Rxf6 22. R6d2 Nf8 23. Qc3 Rfe6 24. h4 c5 25. Bh3 R6e7 26. Bxc8 Rxc8 27. Rd6 f6
28. h5 Ne6 29. Qd3 Nf8 30. Nh4 e4 31. Qe3 Rce8 32. hxg6 Nxg6 33. Nf5+ Kf7 34.
Qxh6 1-0

[Event "HZ Chess Tournament 2023"]
[Site "Vlissingen, Netherlands"]
[Date "2023.08.12"]
[Round "9.16"]
[White "Duijker, Rick"]
[Black "Smeets, Kobe"]
[Result "1/2-1/2"]
[WhiteElo "2198"]
[BlackElo "2245"]
[PlyCount "35"]

1. Nf3 d5 2. b3 Nf6 3. Bb2 Bf5 4. c4 c6 5. g3 e6 6. Bg2 h6 7. O-O Nbd7 8. d3
Be7 9. Nbd2 O-O 10. Re1 Bh7 11. Qc2 a5 12. a3 Qb6 13. h3 Rfd8 14. Ne5 Nxe5 15.
Bxe5 Nd7 16. Bc3 Bd6 17. Qb2 Bf8 18. b4 1/2-1/2

[Event "HZ Chess Tournament 2023"]
[Site "Vlissingen, Netherlands"]
[Date "2023.08.12"]
[Round "9.17"]
[White "Van der Werf, Joel"]
[Black "Syrov, Arkadi"]
[Result "1-0"]
[WhiteElo "1993"]
[BlackElo "2263"]
[PlyCount "91"]

1. e4 e5 2. Nf3 Nc6 3. Bb5 a6 4. Ba4 Nf6 5. O-O Be7 6. Re1 b5 7. Bb3 d6 8. c3
O-O 9. h3 a5 10. d4 a4 11. Bc2 Bd7 12. Nbd2 Re8 13. b3 b4 14. cxb4 Nxb4 15. Bb1
Bb5 16. Ba3 Nc6 17. Bb2 Nd7 18. d5 Nb4 19. a3 Nd3 20. Bxd3 Bxd3 21. Re3 Bb5 22.
b4 Nb6 23. Rc1 Qd7 24. Rec3 Rac8 25. Nf1 g6 26. R1c2 c6 27. dxc6 Rxc6 28. Nxe5
Rxc3 29. Nxd7 Rxc2 30. Qxc2 Rc8 31. Qd2 Nxd7 32. Ne3 Ne5 33. Nd5 Bd8 34. Qh6
Rc2 35. Bd4 f6 36. f4 Nf7 37. Qh4 g5 38. Qg4 Bc6 39. fxg5 fxg5 40. Qe6 Kf8 41.
Nf6 Bxf6 42. Bxf6 Rc1+ 43. Kh2 Re1 44. Be7+ Kg7 45. Qc8 Rxe4 46. Qf8+ 1-0

[Event "HZ Chess Tournament 2023"]
[Site "Vlissingen, Netherlands"]
[Date "2023.08.12"]
[Round "9.19"]
[White "Boeren, Jurriaan"]
[Black "Tiggelman, Rene"]
[Result "1/2-1/2"]
[WhiteElo "2039"]
[BlackElo "2201"]
[PlyCount "82"]

1. e4 c5 2. Nf3 d6 3. d4 cxd4 4. Nxd4 Nf6 5. Nc3 g6 6. Be3 Bg7 7. f3 O-O 8. Qd2
Nc6 9. O-O-O d5 10. Qe1 e5 11. Nxc6 bxc6 12. exd5 Nxd5 13. Bc4 Be6 14. Kb1
Nxc3+ 15. Qxc3 Bd5 16. Bxd5 cxd5 17. Qd2 d4 18. Bh6 Bxh6 19. Qxh6 Qb6 20. h4
Rab8 21. b3 f6 22. f4 Qc7 23. h5 Qg7 24. hxg6 Qxg6 25. Qxg6+ hxg6 26. Rh6 Kg7
27. Rdh1 Rh8 28. Rxh8 Rxh8 29. Rxh8 Kxh8 30. fxe5 fxe5 31. b4 Kg7 32. c4 Kf7
33. Kc2 e4 34. a4 Ke7 35. a5 a6 36. b5 Kd7 37. bxa6 Kc7 38. c5 Kc6 39. Kd2 Kc7
40. Kc2 Kc6 41. Kd2 Kc7 1/2-1/2

[Event "HZ Chess Tournament 2023"]
[Site "Vlissingen, Netherlands"]
[Date "2023.08.12"]
[Round "9.20"]
[White "Verwoert, Jef"]
[Black "Honkoop, Gilian"]
[Result "1/2-1/2"]
[WhiteElo "2023"]
[BlackElo "2183"]
[PlyCount "119"]

1. d4 Nf6 2. e3 e6 3. f4 b6 4. Nf3 Bb7 5. Bd3 g6 6. O-O Bg7 7. Nc3 d5 8. Qe2
Ne4 9. Rd1 Nd7 10. Bxe4 dxe4 11. Ne5 O-O 12. b3 Nf6 13. Ba3 Re8 14. Na4 Nd5 15.
c4 Ne7 16. Nc3 f6 17. Ng4 a5 18. Rac1 Qd7 19. d5 exd5 20. Bxe7 Qxe7 21. Nxd5
Bxd5 22. Rxd5 c6 23. Rd2 f5 24. Nf2 Red8 25. Rcd1 Bc3 26. Rxd8+ Rxd8 27. Rxd8+
Qxd8 28. Qd1 Qf6 29. g4 Bb4 30. Qd7 Bc5 31. g5 Qc3 32. Qe6+ Kf8 33. Qc8+ Kf7
34. Qxc6 Qe1+ 35. Kg2 Qxe3 36. Qd7+ Be7 37. Qd5+ Ke8 38. Qg8+ Kd7 39. Qd5+ Kc7
40. Qe6 Bd6 41. Qf7+ Kb8 42. Qg8+ Kb7 43. Qd5+ Kc7 44. Qf7+ Kd8 45. Qg8+ Kd7
46. Qf7+ Be7 47. Qd5+ Kc7 48. Qf7 Qc5 49. Qxh7 Qd6 50. Qf7 e3 51. Nd3 Qxd3 52.
Qxe7+ Kc6 53. Qe6+ Kc5 54. Qe7+ Kc6 55. Qe6+ Kc7 56. Qe7+ Kc8 57. Qe6+ Kc7 58.
Qe5+ Kc6 59. Qe6+ Kc5 60. Qe7+ 1/2-1/2

[Event "HZ Chess Tournament 2023"]
[Site "Vlissingen, Netherlands"]
[Date "2023.08.12"]
[Round "9.21"]
[White "Van Baar, Esper"]
[Black "Bakker, Jouke"]
[Result "1-0"]
[WhiteElo "2179"]
[BlackElo "2051"]
[PlyCount "89"]

1. e4 c5 2. Nf3 e6 3. c3 Nf6 4. e5 Nd5 5. d4 cxd4 6. cxd4 d6 7. Bc4 Be7 8. Qe2
O-O 9. O-O b6 10. Rd1 Bb7 11. Bxd5 exd5 12. Nc3 Na6 13. Bf4 Nc7 14. Bg3 Qd7 15.
a4 a5 16. Rac1 Rac8 17. h4 Rfe8 18. Qc2 Na6 19. Qb3 Nb4 20. Nb5 Bc6 21. Nc3 h6
22. Ra1 Red8 23. Rd2 Qf5 24. Qd1 dxe5 25. dxe5 Bc5 26. Nd4 Bxd4 27. Rxd4 Qc2
28. Rd2 Qxd1+ 29. Raxd1 Re8 30. f4 f6 31. exf6 gxf6 32. Bf2 Rb8 33. g4 Kf7 34.
Kh2 Rg8 35. Rg1 Rgd8 36. Bd4 b5 37. g5 bxa4 38. Bxf6 Rg8 39. Bd4 Rb7 40. f5
hxg5 41. hxg5 Be8 42. g6+ Kf8 43. Rg3 Nc6 44. Bc5+ Kg7 45. Nxd5 1-0

[Event "HZ Chess Tournament 2023"]
[Site "Vlissingen, Netherlands"]
[Date "2023.08.12"]
[Round "9.22"]
[White "Weber, Dirk"]
[Black "Bier, Bela"]
[Result "1-0"]
[WhiteElo "2151"]
[BlackElo "2008"]
[PlyCount "45"]

1. e4 c6 2. d3 d5 3. Nd2 e5 4. Ngf3 Bd6 5. g3 Nf6 6. Bg2 O-O 7. O-O dxe4 8.
dxe4 Bc7 9. a4 Bg4 10. Qe2 Re8 11. b3 Nbd7 12. Rd1 Qc8 13. h3 Bh5 14. Ba3 Nf8
15. Nc4 Ne6 16. c3 Bxf3 17. Bxf3 Ng5 18. h4 Nxf3+ 19. Qxf3 Qe6 20. Bd6 Rac8 21.
Bxc7 Rxc7 22. Rd6 Qg4 23. Rxf6 1-0

[Event "HZ Chess Tournament 2023"]
[Site "Vlissingen, Netherlands"]
[Date "2023.08.12"]
[Round "9.24"]
[White "Boulahfa, Hicham"]
[Black "Vandevenne, Sander"]
[Result "1-0"]
[WhiteElo "2001"]
[BlackElo "2125"]
[PlyCount "79"]

1. e4 e5 2. Nf3 Nc6 3. Bb5 a6 4. Bxc6 dxc6 5. d4 exd4 6. Qxd4 Bg4 7. Qxd8+ Rxd8
8. Nfd2 Nf6 9. f3 Be6 10. Nf1 g6 11. Bg5 Be7 12. Nc3 h6 13. Bd2 Kd7 14. O-O-O
Kc8 15. Ng3 h5 16. Bg5 h4 17. Nge2 Rh5 18. Be3 Nd7 19. Nd4 Ne5 20. Nxe6 fxe6
21. Rxd8+ Kxd8 22. Rd1+ Ke8 23. Rf1 b5 24. Kd1 Nc4 25. Bc1 b4 26. Ne2 Ra5 27.
b3 Nb6 28. Bf4 Bd6 29. Bxd6 cxd6 30. Nc1 Nd7 31. Kd2 d5 32. Re1 d4 33. Nd3 c5
34. Nc1 e5 35. g3 hxg3 36. hxg3 c4 37. Rh1 Nb6 38. Rh7 Kf8 39. Rc7 Ra3 40. Rb7
1-0

[Event "HZ Chess Tournament 2023"]
[Site "Vlissingen, Netherlands"]
[Date "2023.08.12"]
[Round "9.25"]
[White "Gosman, Theo"]
[Black "Hekhuis, Jeroen"]
[Result "1-0"]
[WhiteElo "1986"]
[BlackElo "2123"]
[PlyCount "87"]

1. d4 Nf6 2. Nc3 d5 3. e4 dxe4 4. Bg5 e3 5. fxe3 e6 6. Nf3 Be7 7. Bd3 h6 8. Bh4
Ng4 9. Bxe7 Qxe7 10. Qd2 Nc6 11. a3 Bd7 12. O-O-O O-O-O 13. Rhe1 a6 14. Ne4 Kb8
15. Nc5 e5 16. Qc3 Nf2 17. d5 Nxd1 18. Rxd1 Rhe8 19. dxc6 Bxc6 20. Nxa6+ Ka8
21. Qa5 b6 22. Qc3 Rd6 23. Nb4 Bb7 24. e4 c5 25. Nd5 Bxd5 26. exd5 e4 27. Re1
f5 28. Bb5 Rc8 29. Bc6+ Rcxc6 30. dxc6 Qf7 31. Qe5 Rxc6 32. Nd2 Re6 33. Qd5+
Ka7 34. Nc4 g5 35. Nd6 Qe7 36. Nb5+ Kb8 37. Qxf5 e3 38. Qd3 Qf6 39. Nc3 Qf2 40.
Qe2 Qf4 41. g3 Qe5 42. Rf1 Rd6 43. Rf8+ Kc7 44. Nb5+ 1-0

[Event "HZ Chess Tournament 2023"]
[Site "Vlissingen, Netherlands"]
[Date "2023.08.12"]
[Round "9.26"]
[White "Wagenvoorde, Guido"]
[Black "Tibke, Jonas"]
[Result "1/2-1/2"]
[WhiteElo "2104"]
[BlackElo "1996"]
[PlyCount "116"]

1. d4 Nf6 2. Nf3 e6 3. c4 b6 4. g3 Bb7 5. Bg2 Bb4+ 6. Bd2 Be7 7. Nc3 O-O 8. Qc2
d5 9. cxd5 Nxd5 10. Nxd5 Bxd5 11. e4 Bb7 12. O-O c5 13. Bc3 Nc6 14. Rfd1 cxd4
15. Nxd4 Nxd4 16. Bxd4 Qc8 17. Qe2 Bc6 18. Rac1 Qb7 19. Qg4 g6 20. h4 Rac8 21.
h5 f5 22. Qf4 Bf6 23. Bxf6 Rxf6 24. e5 Rff8 25. Bxc6 Rxc6 26. Rxc6 Qxc6 27. Rd6
Qc2 28. hxg6 hxg6 29. Rd7 Rf7 30. Rd8+ Rf8 31. Rd7 Rf7 32. Rd8+ Rf8 33. Rxf8+
Kxf8 34. Qh6+ Kf7 35. Qh7+ Kf8 36. Qh8+ Ke7 37. Qf6+ Kd7 38. Qf7+ Kd8 39. Qxe6
Qb1+ 40. Kh2 Qxb2 41. Qd5+ Kc7 42. Qd6+ Kb7 43. Kg2 Qc2 44. Qe7+ Kc6 45. Qf6+
Kc7 46. e6 Qe4+ 47. Kh2 Kd6 48. e7+ Kd7 49. Qxg6 Kxe7 50. Qg7+ Ke6 51. Qxa7 Qd4
52. f4 Qb2+ 53. Kh3 Qh8+ 54. Kg2 Qb2+ 55. Kf3 Qc3+ 56. Ke2 Qc2+ 57. Ke1 Qc1+
58. Kf2 Qb2+ 1/2-1/2

[Event "HZ Chess Tournament 2023"]
[Site "Vlissingen, Netherlands"]
[Date "2023.08.12"]
[Round "9.27"]
[White "Arnold, Rhys"]
[Black "Goudriaan, Rafael"]
[Result "0-1"]
[WhiteElo "2098"]
[BlackElo "1990"]
[PlyCount "98"]

1. e4 c6 2. Nc3 d5 3. Nf3 dxe4 4. Nxe4 Nf6 5. Qe2 Nxe4 6. Qxe4 Nd7 7. d4 Nf6 8.
Qf4 e6 9. Bd3 Bd6 10. Qd2 Qc7 11. O-O O-O 12. c4 c5 13. dxc5 Bxc5 14. b4 Be7
15. a3 Rd8 16. Qe2 b6 17. Ne5 Bb7 18. Bb2 a5 19. b5 Rac8 20. Rad1 Qc5 21. Rfe1
Rd6 22. Bb1 Rcd8 23. Rxd6 Qxd6 24. Bd3 g6 25. h3 Nh5 26. Be4 Bxe4 27. Qxe4 Bf6
28. g4 Ng7 29. Nc6 Bxb2 30. Nxd8 Qxd8 31. c5 Bd4 32. cxb6 Bxb6 33. Rc1 Ne8 34.
Rc6 Nf6 35. Qc4 Kg7 36. g5 Qd1+ 37. Qf1 Qxf1+ 38. Kxf1 Nd5 39. a4 h6 40. h4
hxg5 41. hxg5 Kf8 42. Kg2 Ke7 43. Kg3 Kd7 44. f3 Bc7+ 45. Kg4 Nb6 46. f4 Nxa4
47. Ra6 Nc5 48. Rc6 Bd6 49. Kf3 a4 0-1

[Event "HZ Chess Tournament 2023"]
[Site "Vlissingen, Netherlands"]
[Date "2023.08.12"]
[Round "9.28"]
[White "Duchene, Rene"]
[Black "Loechner, Mark"]
[Result "1-0"]
[WhiteElo "2085"]
[BlackElo "1607"]
[PlyCount "85"]

1. Nf3 Nf6 2. c4 g6 3. g3 Bg7 4. Bg2 c5 5. O-O Nc6 6. d4 cxd4 7. Nxd4 O-O 8.
Nc3 Nxd4 9. Qxd4 d6 10. Qh4 Rb8 11. Rd1 Be6 12. Nd5 Bxd5 13. cxd5 Rc8 14. Be3
Qa5 15. a4 Rc2 16. b4 Qa6 17. Bf3 Rfc8 18. Ra3 R8c4 19. Rd4 b5 20. axb5 Qxb5
21. Rxa7 Rc8 22. Rxe7 Nd7 23. Bg4 Bf6 24. Qh3 Bxe7 25. Bxd7 Rc1+ 26. Kg2 Qxe2
27. Bxc8 Qf1+ 28. Kf3 Qh1+ 29. Qg2 Qxg2+ 30. Kxg2 Rxc8 31. b5 Rb8 32. Rb4 Bd8
33. b6 Rb7 34. Kf3 f5 35. Ke2 Kf7 36. Kd3 Ke8 37. Kc4 Kd7 38. Kb5 Kc8 39. Ka6
Kb8 40. Kb5 Re7 41. Kc6 Re8 42. Bf4 Be7 43. Kd7 1-0

[Event "HZ Chess Tournament 2023"]
[Site "Vlissingen, Netherlands"]
[Date "2023.08.12"]
[Round "9.29"]
[White "Kliashtornyi, Arkadii"]
[Black "Van Batenburg, Mees"]
[Result "1/2-1/2"]
[WhiteElo "1975"]
[BlackElo "2080"]
[PlyCount "59"]

1. d4 e6 2. g3 f5 3. Bg2 Nf6 4. Nf3 Be7 5. O-O O-O 6. c4 d6 7. Nc3 Ne4 8. Nxe4
fxe4 9. Ne1 d5 10. Be3 Nc6 11. Rc1 h6 12. f3 e5 13. cxd5 Qxd5 14. fxe4 Rxf1+
15. Kxf1 Qf7+ 16. Kg1 exd4 17. Bxd4 Qxa2 18. Bc3 Be6 19. Nd3 Rd8 20. Qe1 Rf8
21. Nf4 Bf7 22. e3 Bd6 23. Qe2 Qb3 24. Nd3 Qb5 25. Qg4 Ne5 26. Nxe5 Bxe5 27.
Bxe5 Qxe5 28. Qe2 Bh5 29. Qc4+ Kh7 30. Qd4 1/2-1/2

[Event "HZ Chess Tournament 2023"]
[Site "Vlissingen, Netherlands"]
[Date "2023.08.12"]
[Round "9.30"]
[White "Woltery, Nicolai"]
[Black "Lacrosse, Marc"]
[Result "0-1"]
[WhiteElo "1894"]
[BlackElo "2063"]
[PlyCount "64"]

1. c4 e6 2. Nc3 d5 3. d4 Nf6 4. cxd5 exd5 5. Bg5 Be7 6. e3 O-O 7. Bd3 h6 8. Bf4
c5 9. Nge2 Nc6 10. Bc2 Qb6 11. dxc5 Qxc5 12. O-O Bg4 13. h3 Bxe2 14. Nxe2 Rac8
15. Bf5 Rcd8 16. Bc7 d4 17. Bxd8 Rxd8 18. e4 g6 19. Bg4 Ne5 20. Rc1 Qb6 21. Rc8
Nfxg4 22. Rxd8+ Qxd8 23. hxg4 Bc5 24. Nf4 d3 25. Qb3 Qh4 26. Qd5 Nxg4 27. Nh3
Qg3 28. Rc1 Bxf2+ 29. Nxf2 Qxf2+ 30. Kh1 Qh4+ 31. Kg1 Qh2+ 32. Kf1 Qh1# 0-1